000 00440nam a2200157 i 4500
001 67839
003 ES-MaACL
005 20230906170146.0
007 t|
008 040206s1971 sp ||||1| spa d
100 1 _aGallart Folch, José.
_953514
245 1 0 _aMis memorias /
_cJosé Gallart Folch.
260 _aBarcelona :
_b[s.n.,
_c1971] (
_fElite Gráf.)
300 _a286 p., 21 lám. ;
_c28 cm.
852 _aES-MaACL
_jC-43408
_bR.80237
999 _c67839
_d67839